000 00461nam a2200193Ia 4500
005 20240823035701.0
008 240823s9999||||xx |||||||||||||| ||und||
020 _a81-7866-296-5
041 _aENGLISH
082 _A547 P2
100 _aChatwal G R
245 0 _aOrganic Chemistry
250 _a3rd
260 _c2002
_b"Himalaya Publishing House, Bombay,"
500 _aTRANSFERED
650 _aChemistry
_bChemistry
942 _cBK
999 _c201269
_d201269